000 00754nam a2200265Ia 4500
005 20260121165836.0
008 008 260114s9999 xx 000 0 eng d
020 _a9783319285917
037 _aEBOOK
040 _aCRL
040 _beng
040 _cCRL
041 _2eng
041 _aeng
084 _qCRL
100 _aWalter Leal Filho, Kathryn Adamson, Rachel M. Dunk, Ulisses M. Azeiteiro, Sam Illingworth, Fátima Alves
_91056710
245 0 _aImplementing Climate Change Adaptation in Cities and Communities
260 _bSpringer
260 _bSpringer
260 _c2016
856 _uhttps://link.springer.com/openurl?genre=book&isbn=978-3-319-28591-7
942 _cEBOOK
999 _c1622438
_d1622438